Thép hợp kim, hợp kim - quy trình công nghệ sản xuất
Tổng quát về thép hợp kim và lịch sử phát triển sản xuất thép hợp kim trên thế giới và ở Việt Nam. Cơ sở lý thuyết về hợp kim hoá và về ăn mòn kim loại. Thép hợp kim và hợp kim thông dụng. Quy trình công nghệ sản xuất thép hợp kim và...
Wedi'i Gadw mewn:
| Prif Awdur: | |
|---|---|
| Fformat: | Llyfr |
| Iaith: | Undetermined |
| Cyhoeddwyd: |
H.
KH & KT
2008
|
| Pynciau: | |
| Mynediad Ar-lein: | http://lrc.tdmu.edu.vn/opac/search/detail.asp?aID=2&ID=7606 |
| Tagiau: |
Ychwanegu Tag
Dim Tagiau, Byddwch y cyntaf i dagio'r cofnod hwn!
|
| Thư viện lưu trữ: | Trung tâm Học liệu Trường Đại học Thủ Dầu Một |
|---|
| LEADER | 01050nam a2200205Ia 4500 | ||
|---|---|---|---|
| 001 | TDMU_7606 | ||
| 008 | 210410s9999 xx 000 0 und d | ||
| 082 | |a 669 | ||
| 090 | |b TR121 | ||
| 100 | |a Trần Văn Dy | ||
| 245 | 0 | |a Thép hợp kim, hợp kim - quy trình công nghệ sản xuất | |
| 245 | 0 | |c Trần Văn Dy | |
| 260 | |a H. | ||
| 260 | |b KH & KT | ||
| 260 | |c 2008 | ||
| 300 | |a 370tr | ||
| 520 | |a Tổng quát về thép hợp kim và lịch sử phát triển sản xuất thép hợp kim trên thế giới và ở Việt Nam. Cơ sở lý thuyết về hợp kim hoá và về ăn mòn kim loại. Thép hợp kim và hợp kim thông dụng. Quy trình công nghệ sản xuất thép hợp kim và hợp kim tiêu biểu | ||
| 650 | |a Công nghệ; Sản xuất; Thép hợp kim; Qui trình | ||
| 856 | |u http://lrc.tdmu.edu.vn/opac/search/detail.asp?aID=2&ID=7606 | ||
| 980 | |a Trung tâm Học liệu Trường Đại học Thủ Dầu Một | ||